00895nam a2200241 a 4500001001000000005001700010008004100027020001500068040001800083050002200101100003800123245006000161260005400221300004800275500003400323504003100357650005100388650004800439650003700487942001100524999001500535952010300550BRCA_115820190320203316.0860917s1987 nmua---##b---s001-0#eng-# a0826309305 aDLCcDLCdDLC 4aNB1255b.P35 19871 aPalmer, Gabrielle G.d1938-9374510aSculpture in the Kingdom of QuitocGabrielle G. Palmer. aAlbuquerquebUniversity of New Mexico Pressc1987 axvii, 164 p.bil. (algunas a color)c26 cm. aIncluye índice alfabético aBibliografía: p. 153-15514aEscultura de madera ecuatorianazEcuador9382714aEscultura de madera colonialzEcuador9382814aTallado en maderazEcuador93829 2lcccB c1035d1035 00104070aBRCAbBRCAd2008-06-26l0oNB1255 .P35 1987p01680r2019-03-22 00:00:00w2019-03-22yB